MCU Disney+ Shows - Statistics

General Stats
  • This quiz has been taken 142 times
  • The average score is 8 of 12
Answer Stats
Answer % Correct
Loki
98%
WandaVision
94%
The Falcon and the Winter Soldier
90%
Hawkeye
83%
What If...?
81%
She-Hulk
78%
Ms. Marvel
77%
Moon Knight
73%
Secret Invasion
46%
Ironheart
31%
Armor Wars
30%
The Guardians of the Galaxy Holiday Special
8%
No matching quizzes found
Score Distribution
Percent of People with Each Score
Percentile by Number Answered
Your Score History
You have not taken this quiz